Loading...
| History - Other | 0 | 5 | 0 | 1 | 50 | 130 | 141.40 | 0 | 0 | 2.30 | 11.91 |
| Science - Biology | 0 | 5 | 2 | 0 | 40 | 69 | 102.80 | 1 | 2 | 8.76 | 24.18 |
| Science - Physics | 1 | 3 | 2 | 0 | 35 | 59 | 89.00 | 1 | 1 | 12.11 | 23.12 |
| Literature - British | 0 | 3 | 0 | 1 | 30 | 142 | 145.67 | 0 | 0 | 0.41 | 3.81 |
| Literature - World | 0 | 3 | 0 | 1 | 30 | 124 | 141.33 | 0 | 0 | 2.81 | 9.38 |
| Other Academic | 1 | 1 | 0 | 1 | 25 | 85 | 108.00 | 1 | 1 | 7.77 | 17.78 |
| History - World | 0 | 3 | 1 | 1 | 25 | 110 | 130.00 | 1 | 1 | 3.23 | 13.46 |
| Literature - American | 0 | 2 | 0 | 1 | 20 | 92 | 125.00 | 0 | 0 | 2.85 | 3.55 |
| History - European | 0 | 2 | 0 | 0 | 20 | 78 | 118.50 | 0 | 1 | 3.53 | 6.56 |
| Science - Chemistry | 0 | 4 | 4 | 2 | 20 | 100 | 118.50 | 0 | 0 | 5.53 | 10.96 |
| History - American | 0 | 3 | 2 | 0 | 20 | 105 | 118.00 | 0 | 0 | 4.86 | 14.67 |
| Religion | 0 | 2 | 1 | 1 | 15 | 119 | 126.00 | 0 | 0 | 1.26 | 5.80 |
| Social Science | 0 | 1 | 0 | 0 | 10 | 122 | 122.00 | 0 | 0 | 0.06 | 0.51 |
| Fine Arts - Other Arts | 0 | 2 | 2 | 1 | 10 | 144 | 146.50 | 0 | 0 | 0.10 | 1.79 |
| Literature - European | 0 | 1 | 0 | 0 | 10 | 131 | 131.00 | 0 | 0 | 0.44 | 1.03 |
| Other Culture | 0 | 1 | 0 | 0 | 10 | 120 | 120.00 | 0 | 0 | 7.19 | 15.56 |
| Other Science (Earth Science) | 0 | 1 | 0 | 0 | 10 | 128 | 128.00 | 0 | 0 | 7.33 | 11.54 |
| Other Science (Math) | 0 | 1 | 0 | 0 | 10 | 138 | 138.00 | 0 | 0 | 0.12 | 2.22 |
| Philosophy | 0 | 1 | 1 | 0 | 5 | 135 | 135.00 | 0 | 1 | 0.63 | 5.77 |
| Fine Arts - Painting and Sculpture | 0 | 1 | 2 | 0 | 0 | 167 | 167.00 | 0 | 0 | 0.05 | 0.51 |
| Fine Arts - Classical Music and Opera | 0 | 0 | 0 | 0 | 0 | 0.00 | 0 | 0 | 0.00 | 0.00 | |
| Other Science (Astronomy) | 0 | 0 | 1 | 0 | -5 | 0.00 | 0 | 0 | 0.00 | 0.00 |